000
00218 a2200097 4500
001
55304
100
_a
245
_a
Economy of pakistan
260
_a
Karachi
_b
Oxford University
_c
2007
090
_c
34281
_d
34281
942
_a
NUST-CAE
_c
MONOGRAPH
_c
26982
999
_c
290377
_d
290377